|
|
|
|
| LEADER |
01698cam a2200337 u 4500 |
| 001 |
10119923 |
| 003 |
upatras |
| 005 |
20210117205827.0 |
| 008 |
160415s2008 fr f fre |
| 020 |
|
|
|a 9782355130229
|
| 040 |
|
|
|a GR-PaULI
|c GR-PaULI
|
| 041 |
0 |
|
|a fre
|a lat
|
| 082 |
0 |
4 |
|a 110
|
| 100 |
1 |
|
|a Ficino, Marsilio
|d 1433-1499
|4 aut
|9 28375
|
| 245 |
1 |
0 |
|a Metaphysique de la lumiere
|b (opuscules, 1476-1492)
|c Marcile Ficin; textes latins et francais traduits et annotes par Julie Reynaud et Sebastien Galland
|c ; preface de Jean-Robert Armogathe
|c ; postface by Julie Reynaud
|
| 260 |
|
|
|a [Chambery]
|b Lact Mem Lire aujourd'hui
|c 2008
|
| 300 |
|
|
|a 236 σ.
|c 21 εκ.
|
| 490 |
0 |
|
|a La bibliotheque volante
|
| 504 |
|
|
|a Περιλαμβάνει βιβλιογραφία και ευρετήριο
|
| 505 |
0 |
|
|a Περιλαμβάνει: La compraraison orphique, et, Du soleil/Julie Reynaud, et, Du ravissement de Paul, et, De la lumiere/Sebastien Galland ; postface de Julie Reynaud
|
| 650 |
|
4 |
|a Μεταφυσική
|x Ιστορία
|y 1476-1492
|9 150114
|
| 650 |
|
4 |
|a Διαφωτισμός
|x Φιλοσοφία
|z Γαλλία
|9 150115
|
| 700 |
1 |
|
|a Reynaud, Julie
|d 1974-
|4 trl
|4 aui
|9 150116
|
| 700 |
1 |
|
|a Galland, Sebastien
|d 1974-
|4 trl
|4 aui
|9 150117
|
| 700 |
1 |
|
|a Armogathe, Jean-Robert
|d 1947-
|4 aui
|9 150118
|
| 760 |
0 |
|
|a La bibliotheque volant
|
| 852 |
|
|
|a GR-PaULI
|b ΠΑΤΡΑ
|b ΦΙΛΟΣΟΦΙΑ
|k ΑΣΧΞ-4
|h 110 FIC
|m 7864
|p 025000187898
|t 1
|
| 942 |
|
|
|2 ddc
|c BK15
|
| 952 |
|
|
|0 0
|1 0
|4 0
|6 110_000000000000000_FIC
|7 0
|9 192657
|a PHIL
|b PHIL
|d 2016-04-24
|i 7864
|l 0
|o 110 FIC
|p 025000187898
|r 2016-04-24 00:00:00
|t 1
|w 2016-04-24
|y BK15
|
| 998 |
|
|
|c ΚΑΝΕΛΛΟΠΟΥΛΟΥ
|d 2016-04
|
| 999 |
|
|
|c 118110
|d 118110
|